000
00332nam a22001457a 4500
003
SGT
020
_a
8121204607
082
_a
340,095 4,MAT
100
_a
MATHUR,KRISHAN MOHAN.
245
_a
INDIAN POLICE ROLE AND CHALLENGERS
260
_a
NEW DELHI
_b
GYAN
_c
2017
300
_a
314
650
_a
INDIAN POLICE
942
_2
ddc
_c
BK
_0
1
999
_c
11452
_d
11452